Nezbedníci /
Uloženo v:
| Hlavní autor: | |
|---|---|
| Další autoři: | , , , |
| Médium: | E-audiokniha |
| Jazyk: | Czech |
| Vydáno: |
Praha :
Albatros,
[2015]
|
| Témata: | |
| Tagy: |
Žádné tagy |
| LEADER | 02855nim a2200709 i 4500 | ||
|---|---|---|---|
| 001 | 313075 | ||
| 003 | CZ PrSKC | ||
| 005 | 20260601215734.0 | ||
| 007 | sd fungnnmmned | ||
| 008 | 151118t20152015xr nnnng h n cze | ||
| 015 | |a cnb002753414 | ||
| 024 | 3 | |a 8594050421547 | |
| 028 | 0 | 1 | |a 8594050421547 |b Albatros |
| 040 | |a ABA001 |b cze |e rda | ||
| 072 | 7 | |a 821.162.3-3 |x Česká próza |2 Konspekt | |
| 072 | 7 | |a 821-93 |x Literatura pro děti a mládež (beletrie) |2 Konspekt | |
| 080 | |a 821.162.3-32 |2 MRF | ||
| 080 | |a (086.7.053.2) |2 MRF | ||
| 080 | |a (086.7)08 |2 MRF | ||
| 080 | |a (086.76) |2 MRF | ||
| 100 | 1 | |a Drijverová, Martina, |d 1951-2022 |7 jk01023067 |4 aut | |
| 245 | 1 | 0 | |a Nezbedníci / |c Martina Drijverová |
| 264 | 1 | |a Praha : |b Albatros, |c [2015] | |
| 264 | 4 | |c ©2015 | |
| 300 | |a 1 audiodisk (1 hod., 4 min.) ; |c 12 cm | ||
| 306 | |a 010400 | ||
| 336 | |a mluvené slovo |b spw |2 rdacontent | ||
| 337 | |a audio |b s |2 rdamedia | ||
| 338 | |a audiodisk |b sd |2 rdacarrier | ||
| 344 | |a digital |b optical |2 rda | ||
| 347 | |a audio soubor |b MP3 |2 rda | ||
| 500 | |a Název z disku | ||
| 500 | |a Copyright Albatros Media a. s. | ||
| 500 | |a Nezkrácená verze | ||
| 508 | |a Režie Jindřiška Nováková | ||
| 511 | 0 | |a Čte Jan Dolanský, Lenka Vlasáková a Maxmilián Dolanský | |
| 518 | |a Natočeno ve zvukovém studiu DAMU v Praze v červnu 2015 | ||
| 655 | 7 | |a české příběhy |7 fd133973 |2 czenas | |
| 655 | 7 | |a zvukové záznamy pro děti a mládež |7 fd186726 |2 czenas | |
| 655 | 7 | |a audioknihy |7 fd119452 |2 czenas | |
| 655 | 7 | |a kompaktní disky |7 fd201991 |2 czenas | |
| 700 | 1 | |a Nováková, Jindřiška, |d 1954- |7 jn20010601354 |4 drt | |
| 700 | 1 | |a Dolanský, Jan, |d 1978- |7 js20050620005 |4 stl | |
| 700 | 1 | |a Vlasáková, Lenka, |d 1972- |7 xx0061866 |4 stl | |
| 700 | 1 | |a Dolanský, Maxmilián |4 stl | |
| 900 | |a ABA001 |b 18 | ||
| 044 | |a xr | ||
| 505 | 0 | 0 | |t 01 Chlapecek a vyska (5 min., 43 sek.) |
| 505 | 0 | 0 | |t 02 Chlapecek a maminka (5 min., 31 sek.) |
| 505 | 0 | 0 | |t 03 Chlapecek a moucha (5 min., 27 sek.) |
| 505 | 0 | 0 | |t 04 Chlapecek a zelva (5 min., 15 sek.) |
| 505 | 0 | 0 | |t 05 Chlapecek a nozicky (5 min., 39 sek.) |
| 505 | 0 | 0 | |t 06 Chlapecek a Otesanek (5 min., 23 sek.) |
| 505 | 0 | 0 | |t 07 Chlapecek a tuzky (4 min., 2 sek.) |
| 505 | 0 | 0 | |t 08 Chlapecek a fazole (4 min., 57 sek.) |
| 505 | 0 | 0 | |t 09 Chlapecek a netopyri (4 min., 50 sek.) |
| 505 | 0 | 0 | |t 10 Chlapecek a fixy (6 min., 45 sek.) |
| 505 | 0 | 0 | |t 11 Chlapecek a zvykacka (4 min., 23 sek.) |
| 505 | 0 | 0 | |t 12 Chlapecek a nos (5 min., 58 sek.) |
| 910 | |a RBIT002 | ||
| 998 | |d 314268 |a https://core.palmknihy.cz/api/books/314268/cover?sia8sw |b https://core.palmknihy.cz/api/books/314268/cover/400?sia8sw |c https://core.palmknihy.cz/api/books/314268/cover/50?sia8sw |e 2033-12-31 |i 8594050421547 |l 3780 |q 49 |r 1 |s https://www.palmknihy.cz/kniha/314268 |t audiobook |y 2015 |z 0 | ||
| 999 | |d 313073 | ||